000
00250nam a2200097Ia 4500
001
1206610
005
20251010143325.0
008
250824s9999 xx 000 0 und d
245
0
_a
SİSLER BULVARI
_c
KÜLTÜR YAYINLARI
260
_b
ATTİLA İLHAN
999
_c
1206610
_d
1206610